Các bài toán hình học tổ hợp Dùng cho bậc Trung học cơ sở
Αποθηκεύτηκε σε:
| Κύριος συγγραφέας: | |
|---|---|
| Μορφή: | Βιβλίο |
| Γλώσσα: | Undetermined |
| Έκδοση: |
H.
Giáo dục
2000
|
| Θέματα: | |
| Διαθέσιμο Online: | http://lrc.tdmu.edu.vn/opac/search/detail.asp?aID=2&ID=6410 |
| Ετικέτες: |
Προσθήκη ετικέτας
Δεν υπάρχουν, Καταχωρήστε ετικέτα πρώτοι!
|
| Thư viện lưu trữ: | Trung tâm Học liệu Trường Đại học Thủ Dầu Một |
|---|
| LEADER | 00644nam a2200205Ia 4500 | ||
|---|---|---|---|
| 001 | TDMU_6410 | ||
| 008 | 210410s9999 xx 000 0 und d | ||
| 082 | |a 516.076 | ||
| 090 | |b V500 | ||
| 100 | |a Vũ, Hữu Bình | ||
| 245 | 0 | |a Các bài toán hình học tổ hợp | |
| 245 | 0 | |b Dùng cho bậc Trung học cơ sở | |
| 245 | 0 | |c Vũ Hữu Bình | |
| 260 | |a H. | ||
| 260 | |b Giáo dục | ||
| 260 | |c 2000 | ||
| 300 | |a 228tr. | ||
| 650 | |a Toán học; Hình học | ||
| 856 | |u http://lrc.tdmu.edu.vn/opac/search/detail.asp?aID=2&ID=6410 | ||
| 980 | |a Trung tâm Học liệu Trường Đại học Thủ Dầu Một | ||